000 00660cam a22002053a 4500
001 45303
003 PGUSA
005 20140828084039.0
008 140401s2014||||xxu|||||s|||||000 | eng d
040 _aPGUSA
_beng
042 _adc
100 1 _aRoberts, B. H.
_q(Brigham Henry),
_d1857-1933
245 1 4 _aThe Life of John Taylor :
_bThird President of the Church of Jesus Christ of Latter-day Saints
_h[electronic resource] /
_cB. H. Roberts
260 _bProject Gutenberg,
_c2014
506 _aPublic domain in the USA.
516 _aElectronic text
830 0 _aProject Gutenberg
_v45303
856 4 0 _uhttp://www.gutenberg.org/ebooks/45303
942 _cEB
999 _c274554
_d274554